000 00581nam a2200229Ia 4500
003 OSt
005 20220924152206.0
006 a|||||r|||| 00| 0
007 ta
008 220923b |||||||| |||| 00| 0 mar d
024 _a341411
037 _cTextual
040 _aARTS
_cARTS
_bmar
041 _2mar
_amar
082 _aO155,2N12, J9
100 _aSathe S.G. Au.
_9226065
245 0 _aSwapniche he dhan
260 _c1959
650 _aMARATHI LITERATURE
_938000
942 _hO155,2N12, J9
_cTEXL
_2CC
999 _c469032
_d469032